000 00613nam a2200205Ia 4500
005 20250508165903.0
008 008 250505s9999 xx 000 0 hin d
020 _a978-93-5287-279-4
037 _aTextual
040 _aFEDL
_beng
_cFEDL
041 _ahin
_2eng
084 _a371.9, DIM
_qFEDL
100 _aDimitriadi Sophia Ed.
_9781740
245 0 _aAarmbhik varshon ki shiksha mein vivdhta, vishesh aavasyaktayin tatha samaveshan
260 _aNew Delhi, India
_bSage
_c2017
300 _axxviii, 210p.
365 _aINR
_b300
942 _cTEXL
_h371.9, DIM
999 _c1398008
_d1398008